| Tag |
First Indicator |
Second Indicator |
Subfields |
| LEADER |
00000nam a2200000Ia 4500 |
| 001 |
in00004306821 |
| 005 |
20200810090944.0 |
| 006 |
m g d |
| 007 |
cr bn |||a|bb| |
| 008 |
890214s1643 enk o 00| | eng d |
| 035 |
|
|
|a (OCoLC)19212701
|
| 040 |
|
|
|a EAH
|c EAH
|d WaOLN
|
| 037 |
|
|
|a CL0037000061
|b ProQuest Information and Learning. 300 N. Zeeb Rd., Ann Arbor, MI 48106
|
| 043 |
|
|
|a e-uk-en
|
| 045 |
0 |
|
|b d1643
|
| 090 |
|
|
|a DA410
|b .C44 1643
|
| 049 |
|
|
|a EAHA
|
| 100 |
1 |
|
|a Chillenden, Edmund,
|d fl. 1656.
|
| 245 |
1 |
2 |
|a A pitifvll relation of the Kings prison keeper at Oxford :
|b shewing the most transcendent cruelties, threatnings, cozenings, and base dishonest dealings of William Smith , provost marsall generall of the Kings army, against the Parliament prisoners under his custodie, as it was delivered at the barr in the House of Commons by one, who with many others, were sworn before the Lords, assembled in Parliament, and were prisoners in Oxford six moneths, being further confirmed by Captaine Wingate in the Commons House, hee being member of the said House, and some time prisoner in Oxford, the space of nine moneths : together, with the copy of a letter from a gentleman of qualitie, confirming the former particulars : also the copy of a pitition and articles exhibited to the King, his councell of warre against Smith : likewise a letter to the speaker, subscibed [sic] with three score and ten prisoners hands : whereunto is added the unsufferable crueties, exercised upon the Cirencester men, in their passage to Oxford, and at Oxford, in the castle and Bridewell, when they were taken /
|c written by Edm. Chittenden ...
|
| 260 |
|
|
|a Printed at London :
|b By G.D. for Iohn Bull,
|c 1643.
|
| 300 |
|
|
|a 1 online resource ([2], 28, [1] pages)
|
| 336 |
|
|
|a text
|b txt
|2 rdacontent
|
| 337 |
|
|
|a computer
|b c
|2 rdamedia
|
| 338 |
|
|
|a online resource
|b cr
|2 rdacarrier
|
| 500 |
|
|
|a Marginal notes.
|
| 500 |
|
|
|a Imperfect: stained and faded with some loss of printing.
|
| 500 |
|
|
|a Reproduction of original in the Bodleian Library.
|
| 510 |
4 |
|
|a Wing
|c C3878
|
| 533 |
|
|
|a Electronic reproduction.
|b Ann Arbor, Mich. :
|c UMI,
|d 1999-
|f (Early English books online)
|n Digital version of: (Early English books, 1641-1700 ; 1664:38)
|7 s1999 miun s
|
| 651 |
|
0 |
|a Great Britain
|x History
|y Civil War, 1642-1649.
|
| 650 |
|
0 |
|a Prisoners of war
|z England
|z Oxford.
|
| 740 |
0 |
|
|a Pitifull relation of the Kings prison keeper at Oxford.
|
| 830 |
|
0 |
|a Early English books online.
|
| 856 |
4 |
0 |
|u http://proxy.library.tamu.edu/login?url=https://search.proquest.com/docview/2240880617
|z Connect to the full text of this electronic book
|t 0
|
| 999 |
f |
f |
|s 92c17505-b8dd-3ed5-8932-6a9888ca3623
|i 808b683f-97d9-3a6d-a7b2-7ea70ba82664
|t 0
|
| 952 |
f |
f |
|a Texas A&M University
|b College Station
|c Electronic Resources
|d Available Online
|t 0
|e DA410 .C44 1643
|h Library of Congress classification
|
| 998 |
f |
f |
|a DA410 .C44 1643
|t 0
|l Available Online
|